000 00404nam a2200145Ia 4500
005 20250526015900.0
008 240331s9999 xx 000 0 und d
082 _bDEM
_a305
100 _aDe Mel, K
245 0 _aAgamathini Sirimawo Bandaranayaka
260 _aSri Lanka
_bSakithiya prakashaka samaja
_c1960
300 _a112 p .,
500 _aA book on prime minister Sirimavo Bandaranayake
942 _cL
999 _c1825
_d1825